Top 10 meilleurs buteurs de tous les temps - Statistiques

Statistiques générales
  • Ce quiz a été pris 266 fois
  • Le résultat moyen est 5 sur 10
Statistiques - réponses
Rang Noms % Correct
1 Cristiano Ronaldo
100%
3 Lionel Messi
99%
5 Pele
88%
10 Robert Lewandowski
45%
7 Gerd Muller
40%
6 Ferenc Puskas
31%
9 Eusebio
20%
4 Romario
16%
2 Josef Bican
13%
8 Abe Lenstra
0%
Aucun quiz correspondant
Distribution des résultats
% des personnes avec chaque résultat
Percentile par nombre de réponses
Votre historique - résultats
Vous n’avez pas pris ce quiz